| 000 | 00652 a2200181 4500 | ||
|---|---|---|---|
| 003 | NUST | ||
| 038 | _aa | ||
| 082 | _aBICSE-6 | ||
| 100 |
_aSheraz Ali _993288 |
||
| 245 |
_aImplementation of robust topology construction algorithm for vehicular ad hoc networks _cSheraz Ali, Muhammad Umair |
||
| 260 |
_aIslamabad _bNUST School of Electrical Engineering and Computer Science _c2012 |
||
| 300 |
_a35p. _b:ill. _c:27cm.+ _eCD-ROM |
||
| 500 | _aSupervisors: Dr. Hassaan Khaliq Qureshi, Dr. Adnan Khalid Kiani | ||
| 563 | _aa | ||
| 700 | _aMuhammad Umair | ||
| 856 | _uhttp://10.250.8.41:8080/xmlui/handle/123456789/11042 | ||
| 942 |
_cTHE _kBICSE-6 SHE _2ddc |
||
| 999 |
_c11287 _d11287 |
||